000
00352nam a2200157Ia 4500
100
_a
Banks/Alex/ Porcello/Eve
650
_a
react
942
_c
BK
366
_f
20
654
_a
react
245
_a
learning React: Functional web development with react and Redux
260
_b
Shroff
_c
2021
082
_b
BAN
300
_a
335
546
_a
ENGLISH
999
_c
22685
_d
22685